01385nam a22003257a 4500003000500000005001700005008004100022010001000063011001000073035001000083040000900093090001000102100004100112245011000153260004000263300002600303502010900329590003700438590004100475590004200516650004400558650005800602901000700660942000900667949004300676949005500719999001700774952014000791952012800931CHAP20220329133848.0971013s1986 r 00010 d a11934 a12906 a16656 cCHAP aTesis00aVidals Alonso, Miguel Angel.91192651 aIncidencia de hongos asociados con la semilla de Phaseolus vulgaris L. en el Valle de Huamantla, Tlaxcala aChapingo, Méx. :bEl autor,c1986 a36 h. ilus., gráfs. aTesis (Ing. Agr. Esp. en Parasitología Agrícola) -- UACH. Departamento de Parasitología Agrícola aALEPHb10c20130110lUCH01h1230 aBATCH-UPDb10c20130110lUCH01h1904 aCONVERSIONb10c20130109lUCH01h130814aFrijolxEnfermedades por hongos.94336914aFrijolxVariedades resistentes a enfermedades.943447 aBK cFOLL bBCcTESd-153994eTS1h19745i16656si bBCcTESd33724000692752eTS2fc.2h19746i16656si c11934d11934 00102local4053708TESISaBCbBCcPA_TESISd2019-12-31fTESISl0oTesisp33724000692752r2019-12-31 00:00:00tc.2w2019-12-31yTESIS 00102local4051708TESISaBCbBCcPA_TESISd2019-12-31fTESISl0oTesisp-153994r2019-12-31 00:00:00w2019-12-31yTESIS